| 000 | 00610cab a2200241 4500 | ||
|---|---|---|---|
| 001 | ABS56119 | ||
| 008 | 090401t1996 xxu||||| |||| 00| 0 eng d | ||
| 035 | _a(Sirsi) u21359 | ||
| 041 | _aeng | ||
| 100 | _aAldhous, P. | ||
| 245 | _aTest could pin down `mad sheep` risk | ||
| 260 | _c1996 | ||
| 350 | _a0 | ||
| 490 |
_aNew Scientist _v152(2054) 2 November 1996, 4(1) |
||
| 520 | _aExplains a scientific test to distinguish scrapie from BSE in sheep. | ||
| 650 | _aBSE | ||
| 650 | _aCJD | ||
| 650 | _aSCRAPIE | ||
| 650 | _aSHEEP | ||
| 690 | _aRURAL PRACTICE | ||
| 942 | _n0 | ||
| 948 | _c04/03/1997 | ||
| 999 |
_c14341 _d14341 |
||